000 00824nam a2200277 i 4500
001 000032678
003 DO-SdBNP
005 20260413125238.0
007 ta
008 110725s1993 dr a 000 p spa d
040 _aDO-SdBNP
_bspa
_cBNPHU
_erda
041 _aspa
082 4 _aRD861.44
_bL817h
_222
100 1 _aLockward, Angel,
_911034
_4aut.
_eautor
245 1 0 _aHuellas imborrables /
_cAngel Lockward
264 1 _aSanto Domingo :
_bTaller,
_c1993.
300 _a105 páginas :
_bilustraciones ;
_c22 cm.
336 _atexto
_btxt
_2rdacontent
337 _asin mediación
_bn
_2rdamedia
338 _avolumen
_bnc
_2rdacarrier
590 _aInventariado, 2018/LP
650 4 _aPoesía dominicana
_966
650 4 _aLiteratura dominicana.
_967
910 _aValidado. Control de calidad BNPHU
942 _2ddc
_cLBS1
999 _c32169
_d32169